Spell the Capital of Brunei - Statistics

General Stats
  • This quiz has been taken 244 times
  • The average score is 14 of 17
Answer Stats
Capital % Correct
B
100%
a
96%
n
93%
d
92%
a
90%
r
89%
S
89%
e
86%
r
82%
B
81%
i
81%
e
78%
g
77%
a
74%
w
74%
a
73%
n
72%
No matching quizzes found
Score Distribution
Percent of People with Each Score
Percentile by Number Answered
Your Score History
You have not taken this quiz